Advanced Linear Algebra (Record no. 60648)

MARC details
000 -LEADER
fixed length control field 00361pam a2200133 a 4500
020 ## - INTERNATIONAL STANDARD BOOK NUMBER
International Standard Book Number 9781466559011
Terms of availability
041 ## - LANGUAGE CODE
Language code of text/sound track or separate title eng
082 ## - DEWEY DECIMAL CLASSIFICATION NUMBER
Classification number 512.5
Item number LEO
100 ## - MAIN ENTRY--PERSONAL NAME
Personal name Loehr N.,
Relator term author.
245 ## - TITLE STATEMENT
Title Advanced Linear Algebra
Medium Textual Documents
260 ## - PUBLICATION, DISTRIBUTION, ETC.
Place of publication, distribution, etc. Boca Raton Fl.
Name of publisher, distributor, etc. CRC PRESS TAYLOR & FRANCIS GROUP
Date of publication, distribution, etc. 2014
300 ## - PHYSICAL DESCRIPTION
Extent vii/609:
Other physical details p.b.;
Dimensions 26*18.
930 ## - EQUIVALENCE OR CROSS-REFERENCE-UNIFORM TITLE HEADING [LOCAL, CANADA]
Uniform title 17427
Holdings
Withdrawn status Lost status Damaged status Not for loan Collection Home library Current library Shelving location Date acquired Source of acquisition Cost, normal purchase price Total Checkouts Full call number Barcode Date last seen Copy number Price effective from Koha item type
        EWP College of Engineering for Women, Pune College of Engineering for Women, Pune B-REF-7 11/02/2019 Bharati Madhyavarti Sahakari Grahak Bhandar Ltd., 7479.07   512.5 LEO EWP-22269 13/03/2026 1 24/02/2023 Book